enough for you - Olivia Rodrigo (All Lyrics) - Statistics

General Stats
  • This quiz has been taken 151 times
  • The average score is 335 of 365
Answer Stats
Lyrics % Correct
be
100%
'Cause
100%
ever
100%
for
100%
I
100%
like
100%
loved
100%
me
100%
me,
100%
more
100%
No,
100%
not
100%
so
100%
So
100%
that
100%
to
100%
To
100%
we
100%
when
100%
who
100%
you
100%
You
100%
you,
100%
the
99%
everything
98%
your
98%
Just
97%
just
97%
makeup
97%
all
96%
dated
96%
enough
96%
Enough
96%
say
96%
thought
96%
want
96%
you'd
96%
And
95%
and
95%
before
95%
Before
95%
prom
95%
queens
95%
think
95%
too
95%
wanted
95%
was
95%
wore
95%
other
94%
you're
94%
don't
93%
Don't
93%
but
92%
But
92%
know
92%
I'm
91%
much
91%
type
91%
hard
89%
liked
89%
looked
89%
If
88%
sorry,
88%
sorry
88%
Tried
88%
compliment
87%
someone
87%
what
87%
boy
86%
by
86%
cryin',
86%
found
86%
girls
86%
how
86%
knew
86%
left
86%
my
86%
never
86%
nothing?
86%
read
86%
that's
86%
true
86%
were
86%
Yeah,
86%
yourself
86%
books
85%
did
85%
heart
85%
second,
85%
could
84%
deserve
84%
Feel
84%
gone
84%
I'll
84%
is
84%
next
84%
smart
84%
there
84%
wonderin'
84%
wrong
84%
else
83%
myself
83%
self
83%
somebody
83%
back
82%
exciting,
82%
exciting
82%
someday,
82%
this
82%
always
81%
coffee
81%
emotional,
81%
from
81%
satisfied,
81%
start
81%
Stupid,
81%
tell
81%
used
81%
little
80%
of
80%
than
80%
took
79%
exactly
78%
one
78%
songs
78%
as
77%
As
77%
broke
77%
favorite
77%
had
77%
help
77%
obsessive
77%
sympathy
77%
you'll
77%
it's
76%
leave
76%
cared
75%
About
74%
couldn't
74%
crying
74%
I'd
74%
am
73%
interesting
73%
less
73%
oh
73%
who's
72%
have
71%
God,
69%
maybe
69%
discarded?
68%
they'll
67%
nothing's
65%
Now,
65%
anything
59%
never
26%
No matching quizzes found
Score Distribution
Percent of People with Each Score
Percentile by Number Answered
Your Score History
You have not taken this quiz